000 01802nam0a2200373 4500
001 RU\NLR\BIBL_A\011574790
005 20260406075825.0
010 _a9785921605473
_9500
021 _aRU
_b2017-93865
_96733
035 _a(RuMoRGB)009485135
035 _a(NLR Aleph) 011574790
090 _a10816886
_c10816886
100 _a20171226d2018 u y0rusy50 ba
101 0 _arus
_aeng
102 _aRU
105 _aac||zzzz000zy
200 1 _aLes bagatelles
_eкнига третья из цикла "Чтение на ночь для совсем взрослых"
_e[сборник]
_fYveline Le Mignot, Серафима Иванова
_g[иллюстрации Стефана Садовникова]
210 _aМосква
_cФилинъ
_d2018 [т.е. 2017]
215 _a107 с., [6] л. цв. ил., портр.
_cил.
_d20
300 _aТекст парал. на рус. и англ. яз.
300 _aФактическая дата выхода в свет - 2017
327 1 _aСодерж.: разделы: Милая Россия; Дивная природа; Чувства; Венок сонетов
488 0 _12001#$aЧтение на ночь для совсем взрослых$eцикл
_tЧтение на ночь для совсем взрослых
686 1 _aШ6(4Фр)62-5{Лх1649-175}
686 1 _aШ6(4Фр)67-5{Лх1649-175}
686 2 _aШ6(2=Р)8-57
700 1 _7ba
_8fre
_aLe Mignot
_bY.
_cпоэт
_gYveline
_9183792
_3RU\NLR\AUTH\770183843
701 1 _aИванова
_bС.
_cпереводчик, поэт
_f1958-
_gСерафима
_3RU\NLR\AUTH\770182178
_9182127
702 1 _aСадовников
_bС.
_gСтефан
_4040
942 _cBOOK
980 _aNBR